[Event "Caribbean-ch U14"]
[Site "San Salvador"]
[Date "2021.11.27"]
[Round "1"]
[White "Lopez Escobar, Daniel Alejandro"]
[Black "Diaz Charpentier, Ashly Valeri"]
[Result "1-0"]
[WhiteElo "1344"]
[BlackElo "1030"]
[PlyCount "103"]
[EventDate "2021.11.27"]
[EventType "swiss"]
[EventRounds "9"]
[EventCountry "ESA"]
[SourceTitle "EXT 2023"]
[Source "ChessBase"]
[SourceDate "2022.10.05"]
[SourceVersion "1"]
[SourceVersionDate "2022.10.05"]
[SourceQuality "1"]
[WhiteTeam "Guatemala"]
[BlackTeam "Costa Rica"]
[WhiteTeamCountry "GUA"]
[BlackTeamCountry "CRI"]

1. e4 e5 2. Nf3 Nc6 3. Bc4 Bc5 4. c3 Nf6 5. d3 h6 6. Nbd2 d6 7. Nf1 0-0 8. Ng3 Bg4 9. h3 Bxf3 10. Qxf3 Ne7 11. 0-0 Qd7 12. Nh5 Nxh5 13. Qxh5 c6 14. Be3 Bb6 15. Bb3 Rad8 16. Bxb6 axb6 17. f4 exf4 18. Rxf4 d5 19. Raf1 Qe6 20. exd5 Nxd5 21. Re4 Qd7 22. d4 Qd6 23. Bxd5 cxd5 24. Re5 Qc6 25. Re7 Rd7 26. Rxd7 Qxd7 27. Re1 Rd8 28. Qe5 Kf8 29. Kf2 Ra8 30. Re2 Qd8 31. b3 Rc8 32. Rc2 Qh4+ 33. Qg3 Qe4 34. Re2 Qf5+ 35. Kg1 Qb1+ 36. Kh2 Qa1 37. Qd6+ Kg8 38. Qxd5 Qxc3 39. Qxb7 Rd8 40. Qxb6 Rxd4 41. Qb8+ Kh7 42. Qe5 f6 43. Qf5+ Kg8 44. Rc2 Qe3 45. Rc8+ Kf7 46. Qh5+ g6 47. Rc7+ Ke8 48. Qb5+ Kf8 49. Qb8+ Qe8 50. Rc8 Qxc8 51. Qxc8+ Kf7 52. a4 1-0

[Event "Pan American-ch Hybrid U14 31st"]
[Site "Tornelo INT"]
[Date "2021.09.04"]
[Round "5"]
[White "Lopez Escobar, Daniel Alejandro"]
[Black "Franco Franchi, Renato"]
[Result "1-0"]
[WhiteElo "1354"]
[BlackElo "1183"]
[PlyCount "101"]
[EventDate "2021.09.04"]
[EventType "swiss"]
[EventRounds "9"]
[EventCountry "NET"]
[SourceTitle "EXT 2023"]
[Source "ChessBase"]
[SourceDate "2022.10.05"]
[SourceVersion "1"]
[SourceVersionDate "2022.10.05"]
[SourceQuality "1"]

1. e4 c5 2. Nc3 d6 3. Bc4 Nf6 4. f4 a6 5. a4 Nc6 6. Nf3 e6 7. Qe2 Be7 8. d3 Bd7 9. 0-0 Nd4 10. Qd1 b5 11. axb5 axb5 12. Rxa8 Qxa8 13. Nxd4 bxc4 14. Ndb5 0-0 15. dxc4 Bxb5 16. Nxb5 Nxe4 17. Be3 d5 18. cxd5 Qxd5 19. Qxd5 exd5 20. c3 Rb8 21. Nc7 Rxb2 22. Nxd5 Kf8 23. Re1 Rb7 24. g3 Rd7 25. c4 f5 26. Rb1 Ra7 27. Rb5 g6 28. Nxe7 Rxe7 29. Bxc5 Nxc5 30. Rxc5 Ke8 31. Rd5 Rc7 32. c5 Ke7 33. Kf2 Ke6 34. Rd6+ Ke7 35. Rd5 Ke6 36. Re5+ Kd7 37. Ke3 Kc6 38. Kd4 Kb5 39. Rd5 Re7 40. Re5 Rd7+ 41. Rd5 Re7 42. Rd6 Re1 43. Rb6+ Ka5 44. Kd5 Rd1+ 45. Kc6 Rd2 46. Rb5+ Ka6 47. Rb1 Ka7 48. Kc7 Ka6 49. c6 Rxh2 50. Kb8 Rc2 51. c7 1-0

[Event "Pan American-ch Hybrid U14 31st"]
[Site "Tornelo INT"]
[Date "2021.09.04"]
[Round "8"]
[White "Yucra Valdes, Diego Alonso"]
[Black "Lopez Escobar, Daniel Alejandro"]
[Result "1/2-1/2"]
[WhiteElo "1078"]
[BlackElo "1354"]
[PlyCount "90"]
[EventDate "2021.09.04"]
[EventType "swiss"]
[EventRounds "9"]
[EventCountry "NET"]
[SourceTitle "EXT 2023"]
[Source "ChessBase"]
[SourceDate "2022.10.05"]
[SourceVersion "1"]
[SourceVersionDate "2022.10.05"]
[SourceQuality "1"]

1. d4 Nf6 2. c4 e6 3. Nf3 c5 4. e3 d5 5. cxd5 exd5 6. Bb5+ Bd7 7. Bxd7+ Qxd7 8. Nc3 Nc6 9. dxc5 Bxc5 10. 0-0 0-0 11. a3 Rad8 12. Nd4 Nxd4 13. exd4 Bd6 14. Bg5 Be7 15. Re1 h6 16. Bh4 Rfe8 17. Qb3 Ng4 18. Bxe7 Rxe7 19. h3 Nf6 20. Re5 Rxe5 21. dxe5 Ne4 22. Nxe4 dxe4 23. Re1 Qd4 24. e6 fxe6 25. Qxe6+ Kh8 26. b4 Rf8 27. Re3 Qd2 28. Qxe4 Qxf2+ 29. Kh2 b6 30. Rf3 Rxf3 31. Qxf3 Qb2 32. Qa8+ Kh7 33. Qe4+ g6 34. a4 Qf6 35. Qb7+ Qg7 36. Qxg7+ Kxg7 37. Kg3 g5 38. Kf3 Kf6 39. Ke4 Ke6 40. b5 h5 41. g3 Kf6 42. h4 gxh4 43. gxh4 Ke6 44. Kf4 Kf6 45. Ke4 Ke6 1/2-1/2

[Event "Wch FIDE Online U12 America qual"]
[Site "Tornelo INT"]
[Date "2020.12.03"]
[Round "4"]
[White "Lopez Escobar, Daniel Alejandro"]
[Black "Cossio Carvajal, Bruno"]
[Result "0-1"]
[WhiteElo "1401"]
[BlackElo "1148"]
[PlyCount "136"]
[EventDate "2020.12.01"]
[EventType "swiss (rapid)"]
[EventRounds "7"]
[EventCountry "ISS"]
[SourceTitle "EXT 2022"]
[Source "ChessBase"]
[SourceDate "2021.10.06"]
[SourceVersion "1"]
[SourceVersionDate "2021.10.06"]
[SourceQuality "1"]

1. e4 e5 2. Nf3 Nc6 3. Bc4 Bc5 4. c3 Nf6 5. 0-0 d6 6. d4 exd4 7. cxd4 Bb6 8. h3 h6 9. Nc3 0-0 10. Re1 Re8 11. Bf4 Na5 12. Bf1 Nc6 13. Bb5 a6 14. Ba4 Bd7 15. e5 dxe5 16. dxe5 Nh7 17. Qc2 Nb4 18. Qd2 Bxa4 19. Nxa4 Qxd2 20. Bxd2 Nc2 21. Nxb6 cxb6 22. Be3 Nxa1 23. Rxa1 b5 24. Rc1 Rac8 25. Rd1 Red8 26. Bd4 Nf8 27. Re1 Ne6 28. Bc3 Rd7 29. Nd2 Rcd8 30. Ne4 Rd1 31. Nd6 Rxe1+ 32. Bxe1 Rd7 33. Ba5 Nf8 34. f4 f6 35. Bb6 fxe5 36. fxe5 Ng6 37. Bd4 Ne7 38. Kf2 Nc6 39. Bc3 b4 40. Bd2 Nxe5 41. Bxb4 Nd3+ 42. Ke3 Nxb4 43. Nf5 Nxa2 44. Nd4 Kf7 45. Nf3 Re7+ 46. Kd4 Re2 47. b3 Rxg2 48. Ne5+ Ke6 49. Nd3 Rd2 50. Ke3 Rxd3+ 51. Kxd3 Nb4+ 52. Kc4 Nd5 53. Kd4 g5 54. Ke4 b5 55. Kf3 a5 56. Kg4 Nf4 57. h4 gxh4 58. Kxf4 a4 59. bxa4 bxa4 60. Kg4 a3 61. Kh5 a2 62. Kg6 a1R 63. Kh5 h3 64. Kxh6 Rf1 65. Kg7 h2 66. Kg8 Ke7 67. Kg7 Rg1+ 68. Kh6 h1Q# 0-1

[Event "Wch FIDE Online U12 America qual"]
[Site "Tornelo INT"]
[Date "2020.12.01"]
[Round "1"]
[White "Puri, Arjun"]
[Black "Lopez Escobar, Daniel Alejandro"]
[Result "1-0"]
[WhiteElo "2078"]
[BlackElo "1401"]
[PlyCount "83"]
[EventDate "2020.12.01"]
[EventType "swiss (rapid)"]
[EventRounds "7"]
[EventCountry "ISS"]
[SourceTitle "EXT 2022"]
[Source "ChessBase"]
[SourceDate "2021.10.06"]
[SourceVersion "1"]
[SourceVersionDate "2021.10.06"]
[SourceQuality "1"]

1. d4 e6 2. Nf3 c5 3. c3 Nf6 4. Bf4 cxd4 5. cxd4 d6 6. Nc3 a6 7. Qb3 Nbd7 8. e3 b5 9. Be2 Bb7 10. 0-0 Be7 11. Rac1 0-0 12. a4 Qb6 13. axb5 a5 14. Ra1 Nd5 15. Bg3 Nxc3 16. bxc3 Bd5 17. c4 Be4 18. Rfc1 Rfc8 19. Nd2 Bg6 20. Ra2 Ra7 21. Rca1 Rca8 22. Bf3 Rc8 23. Ra4 e5 24. Qb2 exd4 25. exd4 Bd3 26. Qc3 Bg6 27. Rxa5 Rxa5 28. Rxa5 Bf6 29. Nb3 Nc5 30. Nxc5 dxc5 31. Ra6 cxd4 32. Qb3 Qb7 33. Bxb7 Rc7 34. Bxc7 h6 35. Ra8+ Kh7 36. Qd1 d3 37. Bf3 Bc3 38. Ba5 Bd4 39. Rd8 Bc5 40. Rxd3 Bxd3 41. Qxd3+ g6 42. Qd5 1-0

[Event "Pan American-ch School U11"]
[Site "Medellin"]
[Date "2019.11.14"]
[Round "5.1"]
[White "Cabiativa, Juan Esteban"]
[Black "Lopez Escobar, Daniel Alejandro"]
[Result "1-0"]
[WhiteElo "1875"]
[BlackElo "1464"]
[PlyCount "95"]
[EventDate "2019.11.12"]
[EventType "swiss"]
[EventRounds "9"]
[EventCountry "COL"]
[SourceTitle "EXT 2024"]
[Source "ChessBase"]
[SourceDate "2023.10.10"]
[SourceVersion "1"]
[SourceVersionDate "2023.10.10"]
[SourceQuality "1"]

1. c4 c5 2. Nf3 d6 3. d4 cxd4 4. Nxd4 a6 5. Nc3 Nf6 6. g3 e6 7. Bg2 Be7 8. e4 Nbd7 9. Nc2 Rb8 10. Ne3 b6 11. 0-0 0-0 12. b3 Bb7 13. Bb2 Nc5 14. Qc2 Qc7 15. Rad1 Rbd8 16. h3 Bc6 17. Kh2 Qb7 18. f3 Rfe8 19. b4 d5 20. exd5 exd5 21. cxd5 Bb5 22. Nxb5 axb5 23. bxc5 Bxc5 24. Bxf6 gxf6 25. Ng4 Kg7 26. Qf5 Rd6 27. Rfe1 Rxe1 28. Rxe1 Qxd5 29. Qxd5 Rxd5 30. Re2 Rd1 31. Nf2 Ra1 32. f4 f5 33. Bd5 Rd1 34. Nxd1 f6 35. Nb2 h6 36. Nd3 Bd6 37. Rb2 b4 38. Nxb4 Kf8 39. Nd3 Bc7 40. Rc2 Bd8 41. a4 Ke7 42. Nb4 Kd6 43. Bc6 Kc7 44. Bb5+ Kd6 45. Rc6+ Ke7 46. Nd5+ Kf7 47. Nxb6 Bxb6 48. Rxb6 1-0